BPMN a CMMN prístup pre automatizáciu komplexných biznis procesov – porovnanie a prototypovanie v open source nástroji
Uložené v:
| Hlavný autor: | |
|---|---|
| Ďalší autori: | |
| Médium: | Rukopis Kniha |
| Jazyk: | Slovak |
| Vydavateľské údaje: |
2021
|
| Predmet: | |
| On-line prístup: | http://is.stuba.sk/zp/portal_zp.pl?podrobnosti=158718 |
| Tagy: |
Žiadne tagy, Buďte prvý, kto otaguje tento záznam!
|
MARC
| LEADER | 00000ntm a22000003a 4500 | ||
|---|---|---|---|
| 001 | stuzp83381 | ||
| 003 | SK-STU | ||
| 005 | 20210703211841.4 | ||
| 007 | ta | ||
| 008 | 150427s2015----xo-----f-mn---000-0-slo-d | ||
| 040 | |a STU |b slo | ||
| 041 | 0 | |a slo | |
| 100 | 1 | |a Komiňák, Juraj |u 035000 |4 aut |U FEI Fakulta elektrotechniky a informatiky |T FEI Ústav informatiky a matematiky |X 79605 |U E050 |Y 816 |7 79605 | |
| 242 | 0 | 1 | |a BPMN and CMMN approach to automation of complex business processes – comparison and prototyping in open source tool |y eng |
| 245 | 1 | 0 | |a BPMN a CMMN prístup pre automatizáciu komplexných biznis procesov – porovnanie a prototypovanie v open source nástroji |
| 260 | |c 2021 | ||
| 650 | 4 | |a Trojita koruna |2 slo | |
| 650 | 4 | |a CMMN |2 slo | |
| 650 | 4 | |a DMN |2 slo | |
| 650 | 4 | |a BPM |2 slo | |
| 650 | 4 | |a OMG |2 slo | |
| 650 | 4 | |a Flowable |2 slo | |
| 650 | 4 | |a BPMN |2 slo | |
| 650 | 4 | |a obchodny proces |2 slo | |
| 650 | 4 | |a pripad |2 slo | |
| 650 | 4 | |a CMMN |2 eng | |
| 650 | 4 | |a DMN |2 eng | |
| 650 | 4 | |a BPM |2 eng | |
| 650 | 4 | |a case |2 eng | |
| 650 | 4 | |a management |2 eng | |
| 650 | 4 | |a Tripe crown |2 eng | |
| 650 | 4 | |a BPMN |2 eng | |
| 650 | 4 | |a business |2 eng | |
| 650 | 4 | |a process |2 eng | |
| 650 | 4 | |a Flowable |2 eng | |
| 700 | 1 | |a Vojvoda, Milan |u 035000 |k Z1 |4 ths |U FEI Fakulta elektrotechniky a informatiky |T FEI Ústav informatiky a matematiky |X 1885 |U E050 |Y 816 |7 A000001885 | |
| 856 | 4 | |u http://is.stuba.sk/zp/portal_zp.pl?podrobnosti=158718 | |